000 00460nam a2200181Ia 4500
001 23906
005 20260414151008.0
008 260414t1961||||xx |||||||||||||| ||spa||
041 _aESP
082 _a720.974
_bC238
100 _aCetto, Max L.,
_eAUT
245 0 _aModern architecture in Mexico = Arquitectura moderna en México
_b
260 _c1961
300 _a224 páginas :
_c29 cm.
650 _aABD
654 _aCAU
942 _cLIB
_dJUS
_fJUS
_2ddc
_n
999 _c23906
_d23906